| 000 | 00557nam a2200193Ia 4500 | ||
|---|---|---|---|
| 003 | LDD | ||
| 008 | 181029s9999 xx 000 0 und d | ||
| 020 |
_a8173191719 _c110.00 |
||
| 040 | _cLDD | ||
| 100 | _aAmaranath,T. | ||
| 245 | 3 |
_aAn elementary course in Partial differential equations _cT. Amaranath |
|
| 260 |
_aNew Delhi _bNarosa _c1997 |
||
| 300 | _ax,135 | ||
| 365 | _b110.00 | ||
| 901 |
_a1316 _b16-03-1998 |
||
| 902 |
_a13307/97 _b17-03-1998 _cF _dPANIMA _e51 |
||
| 903 |
_aDiscount-10 _bReqst by : R K Bose |
||
| 942 |
_2ddc _cBK |
||
| 999 |
_c59126 _d59126 |
||